000 00586nam a2200193Ia 4500
005 20250326143235.0
008 250326s9999 xx 000 0 und d
020 _a0-333-99859-6
037 _aTextbook
040 _aFMSL
_beng
_cFMSL
041 _aeng
_2eng
084 _aX:8D.1 P3
_qFMSL
100 _aMoosa I A
_9747683
245 0 _aInternational ficial operations : Arbitrage, hedging, speculation, ficing and investment
_cMoosa I A
260 _aNew York
_bNew York, Palgrave
_c2003
300 _axxii,362
942 _cTB
_hX:8D.1 P3
999 _c1298739
_d1298739